U2... Or Duran Duran? - Statistics

General Stats
  • This quiz has been taken 177 times
  • The average score is 7 of 10
Answer Stats
Question Answer % Correct
Lead vocalist is Simon Lebon Duran Duran
100%
Have a song titled "Wild Boys" Duran Duran
93%
Are from Ireland U2
93%
Are from the UK Duran Duran
87%
Have a song titled "Miss Sarajevo" U2
85%
Their lead singer committed suicide. None
82%
Have documentaries based on the band. Both
75%
Have 15 albums Both
44%
Have more than 30 Billboard top 100 hits in the USA U2
40%
Have released a song titled "Invisible" Both
18%
No matching quizzes found
Score Distribution
Percent of People with Each Score
Percentile by Number Answered
Your Score History
You have not taken this quiz